000
00200 a2200097 4500
001
16811
100
_a
King, Stephen
245
_a
Dead zone
260
_a
_b
New american lib
_c
090
_c
12675
_d
12675
942
_a
NUST-CAE
_c
M
_c
2975
999
_c
251884
_d
251884